000 00571nam a2200181Ia 4500
008 151018s9999 xx 000 0 und d
082 _bRBASDV21797
_a891.464
100 _aबाळ सामंत
245 _aनिवडक अत्रे
250 _b1
260 _bकॉन्टिनेन्टल प्रका. पुणे
_c1978
300 _a364
600 _aबाळ सामंत
630 _aनिवडक अत्रे
700 _aबाळ सामंत
730 _aनिवडक अत्रे
942 _cBOOK
999 _c1021473
_d1021470